Sztuka książki historia, teoria, praktyka

Bibliographic Details
Other Authors: Komza, Małgorzata (edi)
Format: Book
Language:Polish
PhysicalDescription:311 s. ilustr. (čiast. fareb.) 24 cm
Published: Wrocław Uniwersytet Wrocławski 2003
ISBN:8322924429
ISSN:0524-4471
Edition:[1. wyd.]
Series:Acta Universitatis Wratislaviensis. Bibliotekoznawstwo
Subjects:

MARC

LEADER 00000cam a2200000 a 4500
001 vtls001475119
003 SK-MaSNL
005 20260301053912.0
008 251113s2003 pl a 00000 pol
020 |a 8322924429 
035 |a SNK000430420 
040 |a SNK  |b slo  |c SNK  |e AACR2 
041 0 |a pol 
044 |a pl  |c PL 
072 7 |a 09  |x Rukopisy, prvotlače, staré tlače. Vzácne a pozoruhodné diela  |2 konspekt 
080 |a 090.1  |2 1981 
080 |a 72/76  |2 1981 
080 |a 930.85:08/09  |2 1981 
080 |a (438)  |2 1981 
080 |a 655.1+686.1]:74/77  |2 1981 
080 |a 09  |2 1981 
080 |a 7.05:655.53  |2 1981 
080 |a (066)  |2 1981 
245 0 0 |a Sztuka książki  |b historia, teoria, praktyka  |c pod redakcją Małgorzaty Komzy 
250 |a [1. wyd.] 
260 |a Wrocław  |b Uniwersytet Wrocławski  |c 2003 
300 |a 311 s.  |b ilustr. (čiast. fareb.)  |c 24 cm 
490 1 |a Acta Universitatis Wratislaviensis. Bibliotekoznawstwo  |v 24  |x 0524-4471 
500 |a Hl. ed. má ISSN: 0239-6661 a č. 2560 
650 0 7 |a knižné umenie  |2 SNKPH  |9 2744 
650 0 7 |a knižná kultúra  |2 SNKPH  |9 31235 
650 0 7 |a knižné ilustrácie  |2 SNKPH  |9 2742 
650 0 7 |a výtvarné umenie  |2 SNKPH  |9 723 
651 7 |a Poľsko  |2 SNKPHgeo  |9 16755 
655 7 |a zbierky  |2 SNKPH  |9 70533 
655 7 |a zborníky  |2 SNKPH  |9 70165 
700 1 |a Komza, Małgorzata  |4 edi  |9 365073 
830 0 |a Acta Universitatis Wratislaviensis. Bibliotekoznawstwo  |9 365074 
919 |a 83-229-2442-9 
999 |c 609566  |d 611496 
952 |t P60, <04>, [BOOK], {604}  |a SNK  |b SNK  |y VYP  |7 0  |p 17A0432107  |o snkIC 131495  |i snkV 1017/2004  |g 11.62  |0 0  |1 0  |4 0  |d 2004-05-19  |l 0  |r 2005-01-02 00:00:00  |w 2026-02-23